Countries with Most Elevation Span - Statistics

General Stats
  • This quiz has been taken 16 times
  • The average score is 13 of 15
Answer Stats
Elevation Span (ft) Country % Correct
29537 China
100%
20591 United States
100%
28835 Nepal
94%
23179 Argentina
88%
24518 Bhutan
88%
22615 Chile
88%
23432 Kazakhstan
81%
28251 Pakistan
81%
22316 Peru
81%
23606 Tajikistan
81%
23734 Afghanistan
75%
21168 Bolivia
75%
20561 Ecuador
75%
28177 India
75%
22979 Kyrgyzstan
75%
No matching quizzes found
Score Distribution
Percent of People with Each Score
Percentile by Number Answered
Your Score History
You have not taken this quiz